000 02374cam a22002174a 4500
005 20250605163947.0
008 250528s ||||||||||||||||||||||||d
035 _a15234
020 _a133153746
040 _aGR-AtMCL
_bgre
_dGR-AtMCL
_eAACR2
245 1 _aFinancial Management and Policy / Third Edition
250 _a3rd
260 _bPrentice Hall Inc,
_c1974
300 _a752
505 0 _aPreface, Introduction, The Goals and Functions of Finance, Concepts in Valuation, Portfolio Theory and Efficient Market Considerations, Investment in Assets and Acceptance Criterion, Principles of Capital Budgeting, Cost of Capital, The Evaluation of Risky Investments, Financing and Dividend Policies, Theory of Capital Structure,Dividends and Valuation, Dividend Policy of the Firm, Long-Term Financing, Investment Banking and Common Stock, Long-Term Debt and Preferred Stock, Convertible Securities and Warrants, Management of Liquidity and Current Assets, Liquidity Structure of Assets and Liabilities, Management of Accounts Receivable, Inventory Management, Short and Intermediate - Term Financing, Short-Term Loans, Lease Financing, Expansion and Contraction, Mergers and Consolidations, The Tools of Financial Analysis and Control, Financial Ratio Analysis, Analysis of Operating and Financial Leverage, Appendixes, Index.
520 _aPreface, Introduction, The Goals and Functions of Finance, Concepts in Valuation, Portfolio Theory and Efficient Market Considerations, Investment in Assets and Acceptance Criterion, Principles of Capital Budgeting, Cost of Capital, The Evaluation of Risky Investments, Financing and Dividend Policies, Theory of Capital Structure,Dividends and Valuation, Dividend Policy of the Firm, Long-Term Financing, Investment Banking and Common Stock, Long-Term Debt and Preferred Stock, Convertible Securities and Warrants, Management of Liquidity and Current Assets, Liquidity Structure of Assets and Liabilities, Management of Accounts Receivable, Inventory Management, Short and Intermediate - Term Financing, Short-Term Loans, Lease Financing, Expansion and Contraction, Mergers and Consolidations, The Tools of Financial Analysis and Control, Financial Ratio Analysis, Analysis of Operating and Financial Leverage, Appendixes, Index.
700 1 _aVan Horne James C
_91116
942 _cBK
999 _c827
_d827